000 00835nam a2200253 i 4500
001 180611
003 ES-MaACL
005 20230906221138.0
008 120618s1974 sp af |||| |bspa d
020 _a84-279-8743-9
080 _a75La Tour
100 1 _aLa Tour, Georges de.
_9150620
245 1 3 _aLa obra pictórica completa de Georges de La Tour /
_cintroducción, biografía y estudios críticos de Jacques Thuillier.
260 _aBarcelona :
_bNoguer,
_c[1974] (
_fRizzoli)
300 _a104 p. :
_bil. col. y n. ;
_c32 cm.
490 1 _aClásicos del arte ;
_v39
500 _aÍndices.
504 _aBibliografía: p. 82.
600 1 4 _aLa Tour, Georges de.
_9150620
700 1 _aThuillier, Jacques.
_9150621
830 0 _aClásicos del arte ;
_v39
_9191252
852 _aES-MaACL
_jL-31074
999 _c180611
_d180611